| 000 | 00514nam a2200145Ia 4500 | ||
|---|---|---|---|
| 008 | 170221s9999 xx 000 0 und d | ||
| 100 | _aSany Sanuri Mohd Mokhtar | ||
| 245 | _aExploring the Antecedents of Customer Loyalty in the Malaysian Retail Sector | ||
| 245 | _cSany Sanuri Mohd Mokhtar, Maha Mohammed Yusr | ||
| 260 | _bInternational Review of Management and Marketing | ||
| 260 | _c2012 | ||
| 300 | _a1 : 2 | ||
| 650 | _xMarketing. | ||
| 856 | _uhttp://www.econjournals.com/index.php/irmm/issue/view/82 | ||
| 999 |
_c313938 _d313938 |
||